00320nam a2200121Ia 4500008004100000041000800041082001200049100001800061245004500079260003500124300003200159365000700191240624s9999 xx 000 0 und d aeng a658 BOS aBOSSIDY LARRY aEXECUTION THE DISCIPLINE OF GETTING THIN c2002aNew YorkbCrown Business aviii, : 278 : p. : cm. ; 23 cRS